000 00800cab a2200253 4500
001 WB3008-26
008 090401t1994 xxu||||| |||| 00| 0 eng d
035 _a(Sirsi) u76138
041 _aeng
245 _aToxic tests for London estate
260 _c1994
350 _a0
490 _aNew Builder
_v(205) 18 February 1994, 5
490 _aNew Civil Engineer
_v24 February 1994, 10(2)
520 _aLDDC is to carry out urgent soil tests on the Windsor Park Estate in Beckton, built on highly toxic land, following a spate of unexplained illnesses amongst residents in recent months.
650 _aCONTAMINATED LAND
650 _aHOUSING ESTATE
650 _aLDDC
650 _aRESIDENTIAL DEVELOPMENT
650 _aSOIL TEST
690 _aLAND
942 _n0
948 _c04/03/1997
999 _c47909
_d47909